| 000 | 00527nam a22001817a 4500 | ||
|---|---|---|---|
| 005 | 20240125153707.0 | ||
| 010 | _aENG-139049 | ||
| 020 | _c320.00 | ||
| 035 | _aEN-122581 | ||
| 037 | _bDBAD/PUB | ||
| 082 | _a000 | ||
| 245 | _aALL INDIA SAINIK SCHOOL / | ||
| 260 |
_aVijyawada _bV.G.S |
||
| 270 |
_bVijayawada _a5-6-59/3, second Floor, Tammina Krishna Street , Behind Sairam Theatre _e520001 |
||
| 300 |
_a532 p. _c28 cm(pbk) |
||
| 710 |
_aRoma Chatterjee _eEditor _959600 |
||
| 942 |
_2ddc _cEN _h000 _mALL |
||
| 999 |
_c200412 _d200412 |
||